Pueden matar las imágenes?: el imperio de lo visible y la educación de la mirada después del 11-S
Saved in:
| 主要作者: | |
|---|---|
| 格式: | 圖書 |
| 語言: | 西班牙语 |
| 出版: |
Buenos Aires
Capital Intelectual
2015
|
| 版: | 1a. ed |
| 主題: | |
| 標簽: |
添加標簽
沒有標簽, 成為第一個標記此記錄!
|
MARC
| LEADER | 00000cam a2200000 a 4500 | ||
|---|---|---|---|
| 001 | UCD5424 | ||
| 003 | CL-VaPUC | ||
| 008 | 160908e20150000ag |||||||||||||||||spa|d | ||
| 020 | |a 9789876145121 | ||
| 082 | 0 | 4 | |a 701.17 |b MON |2 21 |
| 100 | |a Mondzain, Marie-José |e autora |9 589170 | ||
| 245 | 1 | 0 | |a Pueden matar las imágenes?: el imperio de lo visible y la educación de la mirada después del 11-S |
| 250 | |a 1a. ed | ||
| 300 | |a 127 p | ||
| 942 | |c BK | ||
| 945 | |d 20160908 17:07:00 |a dcastane | ||
| 260 | |a Buenos Aires |b Capital Intelectual |c 2015 | ||
| 650 | 0 | |a Imágenes |9 361884 | |
| 650 | 0 | |a Semiótica |9 265317 | |
| 650 | 0 | |a Estética |9 264950 | |
| 583 | |a last modification |c 20160908 17:07:00 |k Rodrigo Vera | ||
| 999 | |c 366086 |d 366084 | ||
| 952 | |0 0 |1 0 |3 erb |4 0 |6 701_170000000000000_MON_2015 |7 0 |8 A |9 480114 |a BIBART |b BIBART |i 5340209 |l 1 |o 701.17 MON 2015 |p 5340209 |r 2025-03-13 |s 2024-10-03 |w 2019-11-24 |y BK |z Catalogado en:20160908 |k ART | ||